| 000 | 00459nam a2200205Ia 4500 | ||
|---|---|---|---|
| 008 | 210210b1918 xxu||||| |||| 00| 0 eng d | ||
| 041 | _aeng | ||
| 082 | _a821/480 | ||
| 100 | _aNEWBOLT (Henry) | ||
| 245 | _aSt Georges day and other poems | ||
| 260 |
_aLondon _bJohn Murray _c1918 |
||
| 650 | _aSt | ||
| 650 | _apoems | ||
| 650 | _aother | ||
| 650 | _aGeorges | ||
| 650 | _aday | ||
| 650 | _aand | ||
| 690 | _aEnglish Literature | ||
| 906 | _a011649 | ||
| 999 |
_c130337 _d130337 |
||